000 00274nam a22001337a 4500
008 170215b xxu||||| |||| 00| 0 eng d
020 _a0721618480
041 _aeng
080 _a61
100 _a4
101 _aSHM
245 _aTEXBOOK MEDICINE
_cSMITH
942 _2udc
_cBK
999 _c5517
_d5517